ბათუმის შოთა რუსთაველის სახელმწიფო უნივერსიტეტის ბიბლიოთეკა

კოლხეთის პერკოლაციური ტორფნარევის სფაგნუმის სახეობების მოეფოლოგიური-ანატომიური შესწავლა, კონსერვაცია და გონივრული გამოყენება / (ბიბ.ჩანაწერი № 57836)

000 -ლიდერი
ფიქსირებული სიგრძის საკონტროლო ველი 01921nam a22002417a 4500
003 - საკონტროლო ნომრის იდენტიფიკატორი
საკონტროლო ველი Ge_BSU
005 - ბოლო ოპერაციის თარიღი და დრო
საკონტროლო ველი 20221221134211.0
008 - ფიქსირებული სიგრძის მონაცემთა ელემენტები - ზოგადი ინფორმაცია
ფიქსირებული სიგრძის საკონტროლო ველი 210302s2021 ge ||||| |||| 00| 0 geo d
041 ## - ენის კოდი
Language code of text/sound track or separate title geo
080 ## - უნივერსალური ათობითი კლასიფიკაციის ინდექსი
Universal Decimal Classification number 581 ტ-51
100 ## - მთავარი ჩანაწერი - პიროვნების სახელი
Personal name ტეტემაძე, ნათელა
9 (RLIN) 10302
245 ## - ცნობა სათაურის შესახებ
Title კოლხეთის პერკოლაციური ტორფნარევის სფაგნუმის სახეობების მოეფოლოგიური-ანატომიური შესწავლა, კონსერვაცია და გონივრული გამოყენება /
Statement of responsibility, etc ნათელა ტეტემაძე; სამეცნ. ხელმძღვანელები იზოლდა მაჭუტაძე, ალიოშა ბაკურიძე; ბსუ, საბუნებისმეტყველო მეცნიერებათა და ჯანდაცვის ფაკულტეტი.
264 ## - წარმოების, გამოცემის, დისტრიბუციის და სხვა ცნობები
გამოცემის, წარმოების, დისტრიბუციის... ადგილი ბათუმი,
გამოცემის, წარმოების, დისტრიბუციის... თარიღი 2021.
300 ## - ფიზიკური აღწერა
Extent 104 გვ.
Other physical details სურ.დიაგრ. ცხრ.
Dimensions 30 სმ.
504 ## - BIBLIOGRAPHY, ETC. NOTE
Bibliography, etc ბიბლიოგრ. გვ. 95-104
653 ## - INDEX TERM--UNCONTROLLED
Uncontrolled term ბიოლოგია
653 ## - INDEX TERM--UNCONTROLLED
Uncontrolled term კოლხეთის პერკოლაციური ტორფნარევის სფაგნუმის სახეობები
653 ## - INDEX TERM--UNCONTROLLED
Uncontrolled term დისერტაცია
700 ## - ADDED ENTRY--PERSONAL NAME
Personal name მაჭუტაძე, იზოლდა
Relator term სამეცნიერო ხელმძღვანელი
9 (RLIN) 10071
700 ## - ADDED ENTRY--PERSONAL NAME
Personal name ბაკურიძე, ალიოშა
Relator term სამეცნიერო ხელმძღვანელი
9 (RLIN) 2889
710 ## - ADDED ENTRY--CORPORATE NAME
Corporate name or jurisdiction name as entry element ბსუ
Subordinate unit საბუნებისმეტყველო მეცნიერებათა და ჯანდაცვის ფაკულტეტი.
9 (RLIN) 10303
942 ## - ADDED ENTRY ELEMENTS (KOHA)
Source of classification or shelving scheme
Koha item type დისერტაცია
ეგზემპლარები
ჩამოწერის სტატუსი დაკარგული ეგზემპლარის სტატუსი კლასიფიკაციის წყარო ან თაროზე გაწყობის სქემა დაზიანების სტატუსი არ გაიცემა მუდმივი მდებარეობა (დაცვის ადგილი) ამჟამინდელი ადგილსამყოფელი თაროზე განთავსების ადგილი შეძენის თარიღი სრული შენახვის შიფრი შტრიხკოდი ბოლო ოპერაციის თარიღი ეგზემპლარის მიმდევრობითი ნომერი (კეტერი?) ფასის ძალაში შესვლის თარიღი ეგზემპლარის სახეობა
          ბათუმის შოთა რუსთაველის სახელმწიფო უნივერსიტეტის მთავარი ბიბლიოთეკა ბათუმის შოთა რუსთაველის სახელმწიფო უნივერსიტეტის მთავარი ბიბლიოთეკა წიგნსაცავი 2021-03-02 581 ტ-51 350 დისერტაცია 2021-03-02 350 2021-03-02 დისერტაცია